|
|
|
|
| LEADER |
00000nam a22000007a 4500 |
| 005 |
20210831131516.0 |
| 007 |
cr|||| |||| |
| 008 |
210831s2005 ca |||||s|||| 00||0 eng d |
| 020 |
|
|
|a 9781459313583
|
| 035 |
|
|
|a 35284
|
| 040 |
|
|
|a vLex
|
| 090 |
|
|
|c 12173
|d 12173
|
| 100 |
1 |
|
|a Greenspan, Edward L.
|
| 245 |
1 |
0 |
|a Counsel for the Defence
|h [Recurso electrn̤ico] :
|b The Bernard Cohn Memorial Lectures in Criminal Law /
|c Edward L. Greenspan
|
| 256 |
|
|
|a Servicio en ln̕ea
|
| 260 |
|
|
|a Toronto:
|b Irwin Law Inc.,
|c 2005
|
| 300 |
|
|
|a 1 recurso electrn̤ico
|
| 500 |
|
|
|a The Bernard Cohn Lecture in Criminal Law is delivered annually at the Faculty of Law at the University of Windsor. This volume brings together lectures by fifteen of Canada’s leading criminal lawyers and jurists. The collection has been edited by Edward L. Greenspan, Q.C., who is a member of the Lecture Series Trust and who delivered the first lecture in 1987.
|
| 506 |
1 |
|
|a Disponible solo en los productos indicados
|d vLex Global
|d vLex Global (Academic Edition, excluding Law Schools)
|d vLex Global (U.S. Academic Edition, Law Schools)
|d vLex Global (U.S. Academic Edition, excluding Law Schools)
|d vLex Global (Academic Edition, Law Schools)
|
| 650 |
0 |
4 |
|a Derecho Penal
|z Canad̀
|
| 740 |
0 |
|
|a vLex Libros (Servicio en ln̕ea)
|
| 856 |
4 |
0 |
|u https://app.vlex.com/#/sources/35284
|z Acceso restringido
|
| 942 |
|
|
|c BOOK
|
| 999 |
0 |
|
|a Criminal law
|